| 000 | 02213cam a22004934i 4500 | ||
|---|---|---|---|
| 003 | PE-LiUPU | ||
| 005 | 20250731173321.0 | ||
| 008 | 150625s r 000 0 d | ||
| 020 | _a0801031737 | ||
| 035 | _a(Sirsi) i9780801031731 | ||
| 040 |
_aPE-LiUPU _bspa _cPE-LiUPU _erda |
||
| 049 | _aPRUA | ||
| 082 | 0 | 4 |
_a220.601 _bA22 _221 |
| 100 | 1 |
_aAdam, A. K. M., _eautor. |
|
| 245 | 1 | 0 |
_aReading Scripture with the church : _btoward a hermeneutic for theological interpretation / _cA K. M. Adam [et al]. |
| 264 | 1 |
_aGrand Rapids, Michigan : _bBacker Academic, _c2006. |
|
| 300 |
_a155 páginas ; _c22 centímetros |
||
| 336 |
_atext _2rdacontent |
||
| 337 |
_aunmediated _2rdamedia |
||
| 338 |
_avolume _2rdacarrier |
||
| 505 | 0 | _aEssays. -Poaching on Zion: Biblical theology as signifying practice. -The importance of a multivoiced literal sense of scripture: the example of Thomas Aquinas. -Imprisoned or Free? text, status, and tehological interpretation in the master/slave discourse of Philemon. -Are there still four gospels? a student in theological hermeneutics. -Responses. -Authors, readers, hermeneutics. -Further thoughts on theological interpretation. -Four theological faces of biblical interpretation. -Toward a resolution yet to Be revealed. | |
| 526 | _aSEG42 | ||
| 526 | _aSEG41 | ||
| 526 | _aSEG40 | ||
| 526 | _aSEG39 | ||
| 526 | _aP94 | ||
| 526 | _aP87 | ||
| 526 | _aP86 | ||
| 526 | _aP85 | ||
| 526 | _aP77 | ||
| 526 | _aP76 | ||
| 526 | _aP35 | ||
| 541 | _g438621; | ||
| 630 |
_aBiblia _xCrítica, interpretación, etc. |
||
| 650 | 0 | 4 | _aHermenéutica bíblica. |
| 700 | 1 |
_aFowl, Stephen E., _eautor. |
|
| 700 | 1 |
_aVanhoozer, Kevin J., _eautor. |
|
| 700 | 1 |
_aWatson, Francis, _eautor. |
|
| 942 |
_2ddc _cBOOK |
||
| 949 |
_a220.601 A22 _wDEWEY _c1 _i57556 _lCCODEBUL1 _mBUL _p14.00 _r0 _sY _tBOOK _u2015-6-25 _xTEOLOGIA _PP35 _0COMPRA _o.STAFF. Colección General |
||
| 994 |
_aC0 _bPEPRU |
||
| 596 | _a1 | ||
| 999 |
_a220.601 A22 _wDEWEY _c46578 _i57556 _f2021-11-9 _g5 _lCCODEBUL1 _mBUL _p14.00 _r0 _sY _tBOOK _u2015-6-25 _xTEOLOGIA _PP35 _0COMPRA _o.STAFF. Colección General _d46578 |
||
| 980 |
_81 _gALBERTO SANCHEZ Responsable de Automatización |
||